000
00235nam a22000857a 4500
008
160708b xxu||||| |||| 00| 0 eng d
100
_9
2460
_a
Verma, S.K
245
_a
Introductions to English Language Teaching
260
_a
Mad
_b
Oxford
_c
1980
999
_c
2131
_d
2131